European Country Shape To Capital - Statistics

General Stats
  • This quiz has been taken 45 times
  • The average score is 32 of 45
Answer Stats
Picture Answer % Correct
Rome
100%
Madrid
97%
Oslo
95%
Athens
92%
Lisbon
92%
London
92%
Stockholm
92%
Vienna
89%
Zagreb
89%
Reykjavík
87%
Dublin
84%
Warsaw
84%
Amsterdam
82%
Paris
82%
Berlin
79%
Copenhagen
79%
Moscow
79%
Helsinki
76%
Kiev
71%
Monaco
71%
Sarajevo
71%
Bucharest
68%
Budapest
68%
Prague
66%
Belgrade
63%
Bern
63%
Brussels
63%
Minsk
63%
Tirana
63%
Valletta
63%
Vatican City
63%
Bratislava
61%
Chișinău
61%
Riga
61%
Sofia
61%
Tallinn
61%
Pristina
55%
Podgorica
53%
Vilnius
53%
Ljubljana
50%
Skopje
45%
Vaduz
45%
Andorra la Vella
42%
Luxembourg
42%
San Marino
37%
No matching quizzes found
Score Distribution
Percent of People with Each Score
Percentile by Number Answered
Your Score History
You have not taken this quiz